Non protagonist book characters Quiz Stats

 Plays Quiz not verified by Sporcle

Challenge
Share
Tweet
Score 0/10 Timer 05:00
0 Plays Today
% Correct
Treebeard
96.4%
Mr.Tumnus
96.4%
Violet Beauregarde
96.4%
Dean Thomas
85.7%
Madge Undersee
75%
Roose Bolton
71.4%
Zoe Nightshade
67.9%
Natalie Prior
53.6%
Zart the Keeper
46.4%
Holly Hills
35.7%

You're not logged in!

Compare scores with friends on all Sporcle quizzes.
Join for Free
OR
Log In

You Might Also Like...

Show Comments

Extras

Top Quizzes Today


Score Distribution

Your Account Isn't Verified!

In order to create a playlist on Sporcle, you need to verify the email address you used during registration. Go to your Sporcle Settings to finish the process.

Report this User

Report this user for behavior that violates our Community Guidelines.

Details: